Beyond the ivory tower : (Record no. 23897)

MARC details
000 -LEADER
fixed length control field 01419cam a2200325 a 4500
001 - CONTROL NUMBER
control field 3057159
003 - CONTROL NUMBER IDENTIFIER
control field BDDh-ASL
005 - DATE AND TIME OF LATEST TRANSACTION
control field 20231015030313.0
008 - FIXED-LENGTH DATA ELEMENTS--GENERAL INFORMATION
fixed length control field 960129s1995 enkab 001 0beng
010 ## - LIBRARY OF CONGRESS CONTROL NUMBER
LC control number 96107687
020 ## - INTERNATIONAL STANDARD BOOK NUMBER
International Standard Book Number 1860640168
040 ## - CATALOGING SOURCE
Original cataloging agency DLC
Transcribing agency DLC
Modifying agency DLC
-- BDDh-ASL
043 ## - GEOGRAPHIC AREA CODE
Geographic area code f------
-- a------
-- e-uk---
050 00 - LIBRARY OF CONGRESS CALL NUMBER
Classification number DS32.7.P47
Item number A3 1995
082 00 - DEWEY DECIMAL CLASSIFICATION NUMBER
Classification number 923.421
Edition number 21
Item number PHB
100 1# - MAIN ENTRY--PERSONAL NAME
Personal name Philips, C. H.
Fuller form of name (Cyril Henry),
Dates associated with a name 1912-2005.
245 10 - TITLE STATEMENT
Title Beyond the ivory tower :
Remainder of title the autobiography of Sir Cyril Philips.
260 ## - PUBLICATION, DISTRIBUTION, ETC.
Place of publication, distribution, etc. London ;
-- New York :
Name of publisher, distributor, etc. Radcliffe Press ;
Place of publication, distribution, etc. New York :
Name of publisher, distributor, etc. In the United States of America and Canada distributed by St. Martin's Press,
Date of publication, distribution, etc. 1995.
300 ## - PHYSICAL DESCRIPTION
Extent xii, 292 p. :
Other physical details ill., maps ;
Dimensions 23 cm.
500 ## - GENERAL NOTE
General note Includes index.
600 10 - SUBJECT ADDED ENTRY--PERSONAL NAME
Personal name Philips, C. H.
Fuller form of name (Cyril Henry),
Dates associated with a name 1912-2005.
650 #0 - SUBJECT ADDED ENTRY--TOPICAL TERM
Topical term or geographic name entry element Asianists
Geographic subdivision Great Britain
Form subdivision Biography.
650 #0 - SUBJECT ADDED ENTRY--TOPICAL TERM
Topical term or geographic name entry element Africanists
Geographic subdivision Great Britain
Form subdivision Biography.
650 #0 - SUBJECT ADDED ENTRY--TOPICAL TERM
Topical term or geographic name entry element Educators
Geographic subdivision Great Britain
Form subdivision Biography.
856 42 - ELECTRONIC LOCATION AND ACCESS
Materials specified Publisher description
Uniform Resource Identifier <a href="http://www.loc.gov/catdir/enhancements/fy0803/96107687-d.html">http://www.loc.gov/catdir/enhancements/fy0803/96107687-d.html</a>
856 41 - ELECTRONIC LOCATION AND ACCESS
Materials specified Table of contents only
Uniform Resource Identifier <a href="http://www.loc.gov/catdir/enhancements/fy0803/96107687-t.html">http://www.loc.gov/catdir/enhancements/fy0803/96107687-t.html</a>
906 ## - LOCAL DATA ELEMENT F, LDF (RLIN)
a 7
b cbc
c orignew
d 2
e ncip
f 19
g y-gencatlg
942 ## - ADDED ENTRY ELEMENTS (KOHA)
Source of classification or shelving scheme Dewey Decimal Classification
Koha item type Books
Holdings
Withdrawn status Lost status Source of classification or shelving scheme Damaged status Not for loan Collection code Home library Current library Shelving location Date acquired Source of acquisition Total Checkouts Full call number Barcode Date last seen Copy number Price effective from Koha item type
    Dewey Decimal Classification     Non-fiction Asiatic Society Library Asiatic Society Library General Stacks 04/07/2021 ASB Library Collections   923.421 PHB 108453 04/07/2021 C-1 04/07/2021 Books

Powered by Koha